000 00511nam a22001697a 4500
003 OSt
005 20260316104540.0
008 260316b |||||||| |||| 00| 0 eng d
040 _cMRSPTU
041 _aEnglish
100 _aSimranjeet, Supervisor: Dr. Rajesh Kumar
245 _aComparative Study of Fly ASH and Pond Ash
260 _bDepartment of Civil Engg. MRSPTU, Bathinda
_c2014
650 _aCivil Engineering
856 _uhttp://163.47.215.52:8080/jspui/handle/123456789/1208
942 _2ddc
_cTH
_n0
999 _c11151
_d11151